000 00803nam a2200241Ia 4500
003 OSt
005 20220923221925.0
006 a|||||r|||| 00| 0
007 ta
008 220922b |||||||| |||| 00| 0 urd d
024 _a201,127
037 _cTextual
040 _aARTS
_cARTS
_burd
041 _2urd
_aurd
082 _aO168,1xN5, 152M4.1.-3
100 _aनरेन्द्र नाथ
_9156358
245 0 _aपाकिस्तानी उर्दू शायरी
246 _aPākistānī urdū shāyarī
260 _aदिल्ली
_b राधकृष्ण प्रका0
_c1984
650 _aउर्दू साहित्य
942 _hO168,1xN5, 152M4.1.-3
_cTEXL
_2CC
999 _c352780
_d352780